00612nam a2200181Ia 4500008004100000020001600041041001200057082001600069100001700085245006900102260003700171300000800208650001400216700001700230942000700247999001500254952016100269221030s9999 xx 000 0 und d a00706995716 aEnglish a105.23bSha aK. K. Sharma 2aA Text Book of Physical Chemistrycby K. K. Sharma, L. K. Sharma bVikas Pub HouseaNew Delhic1999 a856 aChemistry aL. K. Sharma cBK c6525d6525 pBE 1652g185.00l0o105.23 Shar2024-06-13 00:00:00w2022-10-30yBK003Print4071aMIETLIBbMIETLIBcBL-Second, FL-1, CUP-59, SH-3, R-3d2000-05-2010HBE